1185 1191 1121 1350 1080 1097 1849 1496 1475 1479 1995 1152 1297 1645 1342 1138 1961 1483 1525 1764 1906 1304 1267 1466 1987 1512 1079 1799 1408 1177 1004 1279 1647 1047 1595 1778 1672 1254 1883 1681 1665 1851 1857 1120 1093 1016 1615 1063 1057 1433 1923 1153 1293 1533 1126 1044 1406 1536 1545 1529 1955 1738 1841 1831 1913 1551 1474 1430 1110 1942 1176 1028 1883 1847 1221 1066 1921 1745 1606 1660 1839 1354 1915 1078 1747 1262 1007 1506 1856 1317 1728 1252 1188 1410 1572 1312 1281 1723 1451 BCNSPRNW ULIB Ver.6.0+V

เปลี่ยนเป็นภาษาไทย

Change to English
 แสดงรายละเอียดบรรณานุกรม
  กลับหน้าหลัก

Brief Record : Get Marc (ISO 2709) : E-mail record : QR code < ปิดหน้าต่าง
LEADER : 00000nam 2200000uu 4500
001    13399120689
003     ULIB
008    121004s2551||||th 000 0 tha d
020    ^a9789744662965
050  4 ^aBF698^bน179ท
100 0  ^aนพมาศ อุ้งพระ (ธีรเวคิน)
245 10 ^aทฤษฎีบุคลิกภาพและการปรับตัว /^cนพมาศ อุ้งพระ (ธีรเวคิน)
250    ^aพิมพ์ครั้งที่ 4
260    ^a[กรุงเทพฯ] :^bสำนักพิมพ์มหาวิทยาลัยธรรมศาสตร์,^c2551
300    ^a418 หน้า ;^c26ซม.
650  7 ^aบุคลิกภาพ
650  7 ^aการปรับตัว (จิตวิทยา)
945    ^p360^l0^i15396
995    ^aวิภา
999 ^a ใช้งานได้ทุกระบบ
รายการนี้ยังไม่มีแท็ก
คุณยังไม่ได้ล็อกอิน คุณสามารถมีกิจกรรมร่วมกับเว็บไซต์ได้ แต่ต้องล็อกอินก่อน ::
  ล็อกอิน

รายการสื่อสารสนเทศ

ลำดับที่ ประเภท เลขเรียก/บาร์โค้ด สถานที่ สถานะ
1. วิทยาศาสตร์การแพทย์ และสุขภาพ
วิทยาศาสตร์การแพทย์ และสุขภาพ
BF698 น179ท  
  Barcode: 15396
ห้องสมุดวิทยาเขตสวรรค์ประชารักษ์
►หนังสือทั่วไป
บนชั้น

รายการใกล้เคียง
    ผู้แต่ง [นพมาศ อุ้งพระ (ธีรเวคิน)]

    หัวเรื่อง [บุคลิกภาพ]
    หัวเรื่อง [การปรับตัว (จิตวิทยา)]

BibComment


ยังไม่เคยถูกคอมเมนท์

คอมเมนท์ทรัพยากรรายการนี้
  คอมเมนท์: ทฤษฎีบุคลิกภาพแล..


 Copyright 2026. Bcnsprnw @Library